000 00357 a2200157 4500
001 58495
020 _a
040 _cAnchieta - Pituba
100 _aSant'Ana, José Lemos de
240 1 0 _aHistórias do viajante Narum
_lpor
245 1 0 _aHistórias do viajante Narum
300 _a321
362 0 _a2002
650 4 _aFicção brasileira
942 _cBK
999 _c58495
_d58495